Early violent death among delinquent youth: A prospective longitudinal study

Guardado en:  
Detalles Bibliográficos
Autores principales: Teplin, Linda A. (Autor) ; Mileusnic, Darinka (Autor) ; Abram, Karen M. (Autor) ; McClelland, Gary M. (Autor)
Tipo de documento: Electrónico Artículo
Lenguaje:Inglés
Publicado: 2005
En: Pediatrics
Año: 2005, Volumen: 115, Número: 6, Páginas: 1586-1593
Acceso en línea: Volltext (kostenfrei)
Verificar disponibilidad: HBZ Gateway

MARC

LEADER 00000caa a22000002c 4500
001 1912525518
003 DE-627
005 20250124054940.0
007 cr uuu---uuuuu
008 241217s2005 xx |||||o 00| ||eng c
024 7 |a 10.1542/peds.2004-1459  |2 doi 
035 |a (DE-627)1912525518 
035 |a (DE-599)KXP1912525518 
040 |a DE-627  |b ger  |c DE-627  |e rda 
041 |a eng 
084 |a 2,1  |2 ssgn 
100 1 |a Teplin, Linda A.  |e VerfasserIn  |4 aut 
245 1 0 |a Early violent death among delinquent youth: A prospective longitudinal study 
264 1 |c 2005 
336 |a Text  |b txt  |2 rdacontent 
337 |a Computermedien  |b c  |2 rdamedia 
338 |a Online-Ressource  |b cr  |2 rdacarrier 
700 1 |a Mileusnic, Darinka  |e VerfasserIn  |4 aut 
700 1 |a Abram, Karen M.  |e VerfasserIn  |0 (DE-588)1044010797  |0 (DE-627)771259026  |0 (DE-576)394447328  |4 aut 
700 1 |a McClelland, Gary M.  |e VerfasserIn  |4 aut 
773 0 8 |i Enthalten in  |t Pediatrics  |d Elk Grove Village, Ill. : American Academy of Pediatrics, 1948  |g 115(2005), 6, Seite 1586-1593  |h Online-Ressource  |w (DE-627)270132201  |w (DE-600)1477004-0  |w (DE-576)078129974  |x 1098-4275  |7 nnas 
773 1 8 |g volume:115  |g year:2005  |g number:6  |g pages:1586-1593 
787 0 8 |i Forschungsdaten  |a United States Department of Health and Human Services. National Center for Health Statistics  |t Multiple Cause of Death Public Use Files, 2000-2002  |d [Erscheinungsort nicht ermittelbar] : [Verlag nicht ermittelbar], 2007  |w (DE-627)1840057785 
787 0 8 |i Forschungsdaten  |a United States Department of Health and Human Services. National Center for Health Statistics  |t Multiple Cause of Death, 1999  |d [Erscheinungsort nicht ermittelbar] : [Verlag nicht ermittelbar], 2002  |w (DE-627)1840058145 
787 0 8 |i Forschungsdaten  |a United States Department of Health and Human Services. National Center for Health Statistics  |t Multiple Cause of Death, 1998  |d [Erscheinungsort nicht ermittelbar] : [Verlag nicht ermittelbar], 2002  |w (DE-627)1840057459 
787 0 8 |i Forschungsdaten  |a United States Department of Health and Human Services. National Center for Health Statistics  |t Multiple Cause of Death, 1997  |d [Erscheinungsort nicht ermittelbar] : [Verlag nicht ermittelbar], 2001  |w (DE-627)1840056010 
787 0 8 |i Forschungsdaten  |a United States Department of Health and Human Services. National Center for Health Statistics  |t Multiple Cause of Death, 1996  |d [Erscheinungsort nicht ermittelbar] : [Verlag nicht ermittelbar], 1999  |w (DE-627)1840055073 
787 0 8 |i Forschungsdaten  |a Teplin, Linda A.  |t Northwestern Juvenile Project (Cook County, IL): Baseline, 1995-1998 (Restricted)  |d [Erscheinungsort nicht ermittelbar] : [Verlag nicht ermittelbar], 2013  |w (DE-627)1840048042 
856 4 0 |u https://doi.org/10.1542/peds.2004-1459  |x Resolving-System  |z kostenfrei  |3 Volltext  |7 0 
935 |a mkri 
951 |a AR 
ELC |a 1 
LOK |0 000 xxxxxcx a22 zn 4500 
LOK |0 001 4637491010 
LOK |0 003 DE-627 
LOK |0 004 1912525518 
LOK |0 005 20241217044351 
LOK |0 008 241217||||||||||||||||ger||||||| 
LOK |0 035   |a (DE-2619)ICPSR87827 
LOK |0 040   |a DE-2619  |c DE-627  |d DE-2619 
LOK |0 092   |o n 
LOK |0 852   |a DE-2619 
LOK |0 852 1  |9 00 
LOK |0 935   |a nacp 
LOK |0 939   |a 17-12-24  |b l01 
OAS |a 1 
ORI |a SA-MARC-krimdoka001.raw